LEADER 01171nam a2200217 i 4500 001 000000145605 003 CaOOAMICUS 005 20160829000000.0 008 160829s1875 xx u000 u fre u 013 $a120997 040 $aSeMil$bita 100 1 $aRoux, Léon.$0(OLS)http://semarc/name/58031 245 13$aLe droit en matière de sépulture :$bprécédé d'une étude sur le materialisme contemporain et les funérailles dans l'antiquité et chez les peuples modernes /$cLéon Roux. 260 $aParis ; Lyon :$bJ. Lecoffre fils & C.,$c1875. 300 $aVI, 408 p. ;$c23 cm. 650 4$aRiti e cerimonie funebri - Studio comparato.$0(OLS)http://semarc/subject/28502 650 4$aRiti e cerimonie funebri - Francia.$0(OLS)http://semarc/subject/28503 850 $aSeMil 852 $aSeMil$W1$xVenegono$y1$m3L III 82 FA$j98349$B98349$CSeMilBibl$Z2$F106483 $8I 996 $6245$aLe droit en matière de sépulture :$bprécédé d'une étude sur le materialisme contemporain et les funérailles dans l'antiquité et chez les peuples modernes$9(OLS)http://semarc/title/212880 996 $6260$aParis ; Lyon :$bJ. Lecoffre fils & C.$9(OLS)http://semarc/publisher/47676 LEADER 00719nam a2200193 i 4500 001 000000155083 003 CaOOAMICUS 005 20061102000000.0 008 061102s1932 it u000 u ita u 013 $a132432 040 $aSeMil$bita 245 10$aLettere, prospetto cronologico e disegni. 300 $a32 p., [47] c. di tav. 490 0 $aI grandi artisti 773 0 $tMichelangelo.$dMilano : Bietti, 1932.$kGrandi artisti [Bietti]$gVol.2$w()16728 830 2$aI grandi artisti [Bietti].$0(OLS)http://semarc/title/22126 850 $aSeMil 852 $aSeMil$W1$xVenegono$y1$m5Q I 53$j106934$B106934$CSeMilBibl$Z2$F116193 $81 996 $6245$aLettere, prospetto cronologico e disegni$9(OLS)http://semarc/title/227093